| 000 | 00422nam a2200157 i 4500 | ||
|---|---|---|---|
| 001 | 94162 | ||
| 003 | ES-MaACL | ||
| 005 | 20230906181421.0 | ||
| 007 | t| | ||
| 008 | 050628s1955 sp ||||1| spa d | ||
| 245 | 0 | 0 |
_aIn memoriam : _bMaurice Legendre, 1878-1955. |
| 260 |
_aMadrid : _b[s.n, _c1955] ( _fOrrier) |
||
| 300 |
_a62 p., 7 lám. ; _c23 cm. |
||
| 600 | 1 | 4 |
_aLegendre, Maurice. _971271 |
| 852 |
_aES-MaACL _jC-19642 |
||
| 999 |
_c94162 _d94162 |
||